| 000 | 00548nam a22001817a 4500 | ||
|---|---|---|---|
| 999 |
_c8956 _d8956 |
||
| 008 | 210306b ||||| |||| 00| 0 eng d | ||
| 040 | _aBMS College of Architecture | ||
| 100 | _aH, Y, Sanjana | ||
| 245 | _aCentre for urban ecology Lalbagh Bangalore | ||
| 300 | _a45p. | ||
| 500 | _a1BM08AT043 | ||
| 502 |
_8B.Arch _NBMS College of Architecture, Visvesvaraya Technological University (VTU) _aProject report _d2013 |
||
| 650 | _aUrban | ||
| 650 | _aEcology | ||
| 700 |
_aVaseem A S _eGuide |
||
| 700 |
_aSathish S Rao _eGuide |
||
| 942 |
_2ddc _cTHE |
||